| 000 | 00828nam a2200217Ia 4500 | ||
|---|---|---|---|
| 001 | 15030 | ||
| 003 | GE_BSU | ||
| 008 | 181216s||||||||xx |||||||||||||| ||und|| | ||
| 040 | _cGE_BSU | ||
| 080 | _a517.3 | ||
| 100 | _aВейль,Герман | ||
| 245 | _aИнтегрирование в топологических группах и его применения | ||
| 245 | _cПер.с франц. Г.М.Адельсон-Вельского и М.И. Вишика. Под ред. Н.Я.Виленкина | ||
| 260 | _aМосква | ||
| 260 | _bИзд-во Иностранной литературы | ||
| 260 | _c1950 | ||
| 300 | _a220стр.20см. | ||
| 300 | _eУказатель стр.212 | ||
| 653 | _aКлассические группы их инварианты и представления | ||
| 942 | _cBK | ||
| 999 |
_c48148 _d48148 |
||